书目信息 |
| 题名: |
电梯的使用与维修
|
|
| 作者: | 刘佩武 编 | |
| 分册: | ||
| 出版信息: | 北京 机械工业 2004.05 |
|
| 页数: | 155页 | |
| 开本: | 19cm | |
| 丛书名: | ||
| 单 册: | ||
| 中图分类: | TU857 | |
| 科图分类: | 86.362 | |
| 主题词: | 电梯--维修 | |
| 电子资源: | ||
| ISBN: | 7-111-04314-6 | |
| 000 | 00581nam0 2200217 45 | |
| 001 | 0195008901 | |
| 005 | 20050113152233.58 | |
| 010 | @a7-111-04314-6@dCNY 10.00 | |
| 100 | @a19950202d2004 em y0chiy0121 ea | |
| 101 | 0 | @achi |
| 102 | @aCN@b110000 | |
| 105 | @ay z 000yy | |
| 200 | 10 | @a电梯的使用与维修@Adian ti de shi yong yu wei xiu@f刘佩武等编 |
| 210 | @a北京@c机械工业@d2004.05 | |
| 215 | @a155页@d19cm | |
| 606 | @a电梯@x维修 | |
| 690 | @aTU857@v三版 | |
| 692 | @a86.362 | |
| 701 | 0 | @a刘佩武@Aliu pei wu@4编 |
| 801 | 0 | @aCN@bNLC@c20050113 |
| 905 | @a10447@dTU857@eL650 | |
| 电梯的使用与维修/刘佩武等编.-北京:机械工业,2004.05 |
| 155页;19cm |
| ISBN 7-111-04314-6:CNY 10.00 |
| ● |
| 相关链接 |
|
|
|
正题名:电梯的使用与维修
索取号:TU857/L650
 
预约/预借
| 序号 | 登录号 | 条形码 | 馆藏地/架位号 | 状态 | 备注 |
| 1 | 436852 | 204368521 | 管理学院资料室/ [索取号:TU857/L650] | 在馆 | |
| 2 | 436853 | 204368530 | 管理学院资料室/ [索取号:TU857/L650] | 在馆 | |
| 3 | 436854 | 204368549 | 管理学院资料室/ [索取号:TU857/L650] | 在馆 |